000
00195 a2200085 4500
245
_a
PARTICIPATORY DEVELOPMENT
_h
Text
100
_a
MAKUMBE JOHN MW
650
_a
THE CASE OF ZIMBABWE
005
20191021095104.0
084
_a
NONE
999
_c
11803
_d
11803